01785cam a22002657i 4500999001700000001000900017005001700026008004100043010001700084020003100101080001500132100003500147245060300182264006600785300004600851338002700897651004500924653014000969700003501109700003201144700003901176776015701215942001201372952013501384 c58721d587212061032920221108161758.0180802s2018 enkab b 001 0 eng d a 2017277992 a9780128050590 Xqpaperback a005.7 R-311 aAndersen, Jan,eauthor.91430410aResearch management :bEurope and beyond /cJan Andersen (Team Coordinator, Senior Executive Officer, Technical University of Denmark), Kristel Toom (Research Coordinator, School of Humanities, Tallinn University, Estonia), Susi Poli (Doctoral Candidate, University College London, Institute of Education London, Department of Education), Practice and Society, United Kingdom, New Higher Education and Research Professional -- Research and Third Mission Division, Italy), Pamela F. Miller (Interim executive director, Sponsored Projects Office, University of California at Berkeley, United States). 1aLondon, UK :bAcademic Press, an imprint of Elsevier,c[2018] axvii, 360 pages :billustrations ;c23 cm avolumebnc2rdacarrier 7aEurope.2fast0(OCoLC)fst01245064914309 aკვლევის მენეჯმენტიევროპასა და მის ფარგლებს გარეთ 1 aToom, Kristel,eauthor.9143101 aPoli, Susi,eauthor.9143111 aMiller, Pamela F.,eauthor.91431208iElectronic version:aAndersen, Jan.tResearch management.dLondon, UK : Academic Press, an imprint of Elsevier, [2018]z9780128052082w(OCoLC)1010494423 2udccBK 00102udc4060057_R3170992361aCPLbCPLcGENd2022-07-07g181.00o005.7 R-31p62956r2022-07-07t62956w2022-07-07yBKz181gel.